=LDR 00000nam 2200000 4500 =001 INLIS000000000020976 =005 20130612115859 =008 ***********************************Ind** =035 ##$$0010-061300000020976 =041 ##$$a Ind =082 ##$$a 633.18 =090 ##$$a 633.18, Noor p =100 ##$$a Noor, Muhammad =245 ##$$a Padi lahan marjinal, Muhammad Noor =260 ##$$a 1996 $b Jakarta =300 ##$$a xix, 213 hlm, ilus, 21 cm =650 ##$$a Padi =850 ##$$a NBPNMAT